Motivación al trabajo

Shranjeno v:
Bibliografske podrobnosti
Glavni avtor: Rodríguez Estrada, Mauro (Author)
Format: Knjiga
Jezik:španščina
Izdano: Ciudad de México Manual Moderno 1986
Serija:Serie Capacitación Integral, 9
Teme:
Oznake: Označite
Brez oznak, prvi označite!

MARC

LEADER 00000nam a2200000 a 4500
001 UCW4000
003 CL-VaPUC
008 890712e19860000MX |||||||||||||||||spa|d
082 0 4 |a 658.3124  |b ROD  |2 21 
100 0 |a Rodríguez Estrada, Mauro  |e author  |9 308483 
245 1 0 |a Motivación al trabajo 
300 |a 67 p 
942 |c BK 
945 |d 19890712 00:00:00 
260 |a Ciudad de México  |b Manual Moderno  |c 1986 
650 7 |a MOTIVACION DEL EMPLEADO  |2 CL-VaPUC  |9 308484 
650 7 |a PERFECCIONAMIENTO OCUPACIONAL  |2 CL-VaPUC  |9 308485 
650 0 |a Administración del personal  |9 260442 
583 |a last modification  |c 19890712 00:00:00  |k Rodrigo Vera 
490 0 |a Serie Capacitación Integral, 9 
999 |c 217840  |d 217838 
952 |0 0  |1 0  |4 0  |6 658_312400000000000_ROD_1986  |7 0  |8 A  |9 206397  |a BIBEDU  |b BIBEDU  |d 2019-11-15  |i 2741741  |o 658.3124 ROD 1986  |p 2741741  |r 2019-11-15  |w 2019-11-15  |y BK  |k EDU